000 00835nam0a22002531 4500
001 rc\256638
005 20250621023719.0
010 _a5-7464-0163-3
_93800
035 _a(NLR Aleph) 005528239
090 _a5581365
_c5581365
100 _a20030307d1990 |||y0rusy50 ca
101 0 _arus
102 _aRU
105 _ay |||||||||
200 1 _aПодготовка к математическим олимпиадам: задачи, темы, методы
_eКн. для учащихся
210 _aКазань
_cИзд-во Казан. ун-та
_d1990
215 _a138, [1] с.
_d20
320 _aБиблиогр.: с. 137 (8 назв.)
700 1 _aМуштари
_bД.Х.
_gДанияр Хамидович
801 0 _aRU
_bNLR
_gpsbo
801 1 _aRU
_bELAR
_2rusmarc
852 _aNLR
_j91-3/2220
942 _cBOOK
980 _aNB